00581 2200217 4500001002100000005001800021008004100039020001800080035002400098090001100122100002500133245004600158250001600204260003400220300003000254650001900284850001500303999001500318999001500333999001500348YOGYA-0211000000638620110210123625699 ind  a979-533-171-X 0010-021100000006386 a539.75 aWARDHANA, Wisnu Arya aTeknik analisis radioaktivitas lingkungan aEd.1, cet.1 aYogyakartabAndi Offsetc1994 aviii, 94 hlm.;ilus.;23 cm aRadioaktivitas aYOPDYOG[B] a97P0091348 a97P0103079 a00P0006359